000 01263cam a22003617a 4500
003 CHAP
005 20220329142151.0
008 000125d mx r 00110 spa d
010 _a79480
011 _a80452
035 _a90903
040 _cCHAP
090 _aTesis
100 0 0 _aAnzures Soriano, Gerardo.
_96184
245 1 0 _aComercialización del amaranto en San Juan Amecac, Puebla
_c/ por Gerardo Anzures Soriano
260 _aChapingo, Méx. :
_bEl autor,
_c1999.
300 _a78 h.
502 _aTesis (Lic. en Economía Agrícola) -- UACH. División de Ciencias Económico-Administrativas
590 _aALEPH
_b10
_c20130110
_lUCH01
_h1431
590 _aBATCH-UPD
_b10
_c20130110
_lUCH01
_h0716
590 _aBATCH-UPD
_b10
_c20130410
_lUCH01
_h0402
590 _aBATCH-UPD
_b10
_c20130914
_lUCH01
_h0303
590 _aCONVERSION
_b10
_c20130109
_lUCH01
_h1344
650 1 4 _aAmaranto
_xMercadeo.
_95134
650 1 4 _aAmaranto
_xPuebla.
_95139
700 0 _aRivera Meléndez, Omar Vulcano.
_997697
901 _aBK
905 _aPatricia Mendoza P.
942 _cFOLL
949 _bBC
_cTES
_d33724000748372
_eTS2
_fc.2
_h34895
_i90903
_si
949 _bBC
_cTES
_d33724000754610
_eTS2
_fc.3
_h35339
_i90903
_si
949 _bBC
_cTES
_d909031
_eTS1
_h34894
_i90903
_sb
999 _c79480
_d79480